[Event "It (open)"]
[Site "masterchessopen.com – Trinec (Czech Republic)"]
[Round "2"]
[White "Lagowski Patryk (POL)"]
[Black "Trombik Karel (CZE)"]
[Result "1-0"]
[WhiteElo "2406"]
[BlackElo "2254"]

1.d4 d5 2.Nf3 Nf6 3.c4 dxc4 4.Qa4+ c6 5.Qxc4 Bf5 6.Nc3 e6 7.g3 Be7 8.Bg2 h6
9.O-O Nbd7 10.a4 a5 11.e3 O-O 12.Qe2 Ne4 13.Nd2 Nxd2 14.Bxd2 Nf6 15.e4 Bg6
16.Be3 Bb4 17.f3 Qe7 18.Rac1 Rad8 19.Rfd1 Nd7 20.Kh1 Rfe8 21.Qc4 Kh8 22.Na2
Bd6 23.Qe2 b6 24.e5 Bb8 25.g4 c5 26.dxc5 Nxc5 {#r} 1-0

[Event "Ch City (1/2 final)"]
[Site "masterchessopen.com – Madrid (Spain)"]
[Date "2004.01.10"]
[Round "3"]
[White "Garcia Galeote Lorenzo (ESP)"]
[Black "Munoz Cebey Ricardo (ESP)"]
[Result "1-0"]
[WhiteElo "2124"]
[BlackElo "2061"]

1.d4 d5 2.Nf3 Nf6 3.c4 dxc4 4.Qa4+ c6 5.Qxc4 Bf5 6.Nc3 e6 7.Qb3 Qb6 8.Qxb6
axb6 9.Nh4 Bg6 10.Nxg6 hxg6 11.f3 Bd6 12.e4 Bg3+ 13.Ke2 Rxh2 14.Rxh2 Bxh2
15.g4 Bc7 16.Be3 Nbd7 17.Bg2 e5 18.g5 Nh5 19.d5 Bd6 20.Bh3 Nf4+ 21.Bxf4 exf4
22.dxc6 bxc6 23.Rd1 Ke7 24.Bxd7 Kxd7 25.e5 Re8 26.Rxd6+ Kc7 27.Rd1 Rxe5+
28.Ne4 {#r} 1-0

[Event "It (open)"]
[Site "masterchessopen.com – Bar (Yugoslavia)"]
[Date "2004.02.26"]
[Round "9"]
[White "Markus Robert (SRB)"]
[Black "Krivokapic Marko (MNE)"]
[Result "1-0"]
[WhiteElo "2555"]
[BlackElo "2324"]

1.d4 d5 2.Nf3 Nf6 3.c4 dxc4 4.Qa4+ Nbd7 5.Nc3 e6 6.e4 c5 7.d5 exd5 8.e5 d4
9.exf6 dxc3 10.Bxc4 Qxf6 11.Bg5 Qc6 12.O-O-O cxb2+ 13.Kb1 Qe4+ 14.Kxb2 {#r}
1-0

[Event "Cup Russia \"]
[Site "masterchessopen.com – Internet"]
[Date "2004.09.07"]
[Round "0"]
[White "Fridman Daniel (GER)"]
[Black "Najer Evgeniy (RUS)"]
[Result "1-0"]
[WhiteElo "2578"]
[BlackElo "2624"]

1.d4 d5 2.Nf3 Nf6 3.c4 dxc4 4.Qa4+ c6 5.Qxc4 Bf5 6.g3 e6 7.Bg2 Nbd7 8.O-O Be7
9.Nc3 O-O 10.Re1 Ne4 11.Nh4 Nb6 12.Qb3 Nd6 13.Nxf5 exf5 14.a4 a6 15.a5 Nbc4
16.Qa2 Bf6 17.e3 b5 18.b3 b4 19.Ne2 Na3 20.Bxa3 bxa3 21.Bxc6 Rc8 22.Rec1 Qxa5
23.Qxa3 Qd2 24.Ra2 Qd3 25.Nf4 {#r} 1-0

[Event "Ch Europe"]
[Site "masterchessopen.com – Warsaw (Poland)"]
[Date "2005.06.23"]
[Round "6"]
[White "Urban Klaudiusz (POL)"]
[Black "Mazi Leon (SLO)"]
[Result "1-0"]
[WhiteElo "2462"]
[BlackElo "2354"]

1.d4 d5 2.c4 dxc4 3.Nf3 Nf6 4.Qa4+ Nbd7 5.Nc3 e6 6.e4 Be7 7.Bxc4 O-O 8.Qc2 c5
9.dxc5 Nxc5 10.O-O b6 11.Rd1 Qc7 12.e5 Nfd7 13.Nb5 Qb8 14.Bf4 a5 15.Qe2 Rd8
16.Nd6 Nf8 17.Bg5 Qc7 18.Nb5 Rxd1+ 19.Rxd1 Qb7 20.Nd6 Qc7 21.Ne8 Qa7 22.Nf6+
Kh8 23.Nd4 Qc7 24.Qh5 Bb7 25.Qxf7 Ng6 26.Ne8 Qxe5 27.Bxe7 {#r} 1-0

[Event "It (open)"]
[Site "masterchessopen.com – Schwarzach (Austria)"]
[Round "5"]
[White "Burmakin Vladimir (RUS)"]
[Black "Kunin Vitaly (GER)"]
[Result "1-0"]
[WhiteElo "2508"]
[BlackElo "2439"]

{ Burmakin Vladimir (RUS) +3 =0 -2 } 1.d4 d5 2.Nf3 Nf6 3.c4 dxc4 4.Qa4+ Nbd7
5.Nc3 a6 { = } ( 5...e6 6.e4 a6 7.Bf4 b5 8.Nxb5 axb5 9.Qxa8 Bb4+ 10.Bd2 Nb6
11.Qc6+ Bd7 12.Qb7 Bc8 13.Qc6+ Bd7 { 1/2-1/2, Karpov Anatoly 2745 - Polgar
Judit 2670 , Dortmund 1997 It (cat.18) } ) 6.Bf4 ( 6.e4 b5 7.Nxb5 Nxe4 8.Bxc4
e6 9.Nc3 Nd6 10.Bb3 Be7 11.Ne5 O-O 12.Nc6 Qe8 13.Nxe7+ Qxe7 14.O-O Bb7 15.Qa5
Nb6 16.Qc5 Rfc8 17.Bg5 Qd7 18.Rfe1 Nb5 19.Rad1 Qc6 20.f3 Nxc3 21.bxc3 a5 22.a3
a4 23.Bc2 Qxc5 24.dxc5 Nc4 25.Rd4 Bd5 { ...1/2-1/2, Piket Jeroen 2630 -
Korchnoi Viktor 2610 , Antwerpen 1997 It (cat.14) } ) 6...e6 ( 6...b5 7.Nxb5
e5 8.Bd2 Ne4 9.Na3 exd4 10.Nxc4 Bc5 11.g3 Bb7 12.Bg2 Nxd2 13.Ncxd2 O-O 14.O-O
Re8 15.Rfe1 Ba7 16.Nb3 c5 17.Na5 Bd5 18.Nd2 Bxg2 19.Kxg2 Ne5 20.Nac4 Qd5+
21.Kg1 Nxc4 22.Qxc4 Qc6 23.Rac1 Re6 24.b4 Rc8 25.Nb3 cxb4 26.Qxb4 {
...1/2-1/2, Khadzhaev Rustem R 2315 - Khismatullin Denis 2552 , Ufa 8. 5.2004
Ch Russia (students) } ) 7.Qxc4 ( 7.e4 Nh5 8.Bg5 Be7 { +0.00 CAP } ) 7...Bd6 {
+0.04 CAP N } ( 7...c5 8.dxc5 Bxc5 9.e3 b5 10.Qb3 ( 10.Qd3 { -0.48 CAP } )
10...Bb7 ( 10...O-O 11.Rd1 Qa5 12.Bd3 Be7 13.Bb1 Nc5 14.Qc2 b4 15.Be5 g6
16.Ne2 Ncd7 17.Bc7 Qc5 18.O-O Bb7 19.Qxc5 Nxc5 20.Ne5 a5 21.Rfe1 Nd5 22.Rxd5
Bxd5 23.Bb6 Rfc8 24.f3 Na4 25.Bd4 f6 26.Ng4 e5 27.e4 { ...0-1, Nielsen Henning
2156 - Rasmussen Casper 2281 , Denmark 2000 Ch Denmark (team) 2000/01 } )
11.Be2 O-O 12.O-O Be7 13.Rfd1 Qb6 14.Rac1 Rac8 15.Ne5 Nc5 16.Qc2 Nce4 17.Qb1
Nxc3 18.Rxc3 Rxc3 19.bxc3 Rc8 20.c4 b4 21.Bg5 Qc7 22.Bf4 Bd6 23.Qb2 a5 24.h3
h6 25.Bf1 Ne4 26.Qd4 f6 27.Ng6 { ...0-1, Dragomaretsky E - Drozdovskij Yuri
2510 , Internet 21.10.2004 Cup Russia "Chess Planet" (3 final) (blitz) } )
8.Bg3 O-O 9.e4 b5 10.Qd3 Bxg3 { ?! } ( 10...b4 11.Ne2 Bxg3 12.Nxg3 c5 { } )
11.hxg3 b4 12.Na4 Bb7 13.e5 Ne4 14.Rc1 f5 15.Qb3 Qe7 { ?! } ( 15...Bd5 16.Qxb4
Bxa2 17.Qb7 Rb8 { } ) 16.Rxc7 Bd5 17.Bc4 Qd8 18.Bxd5 Qxc7 19.Bxe6+ Kh8 20.O-O
Rab8 21.Qe3 Qc6 22.Bb3 Nb6 { ?! } ( 22...Qb5 23.d5 a5 24.Qd4 Rfe8 { } ) 23.Rc1
Qb5 24.Nc5 Rbc8 25.e6 Nd6 { ?! } ( 25...Qe8 26.Nxa6 Qe7 27.Nc5 Rfd8 { } )
26.Ne5 Rf6 27.Ncd7 Rxc1+ 28.Qxc1 Nxd7 29.Nxd7 f4 30.Nxf6 fxg3 31.Qf4 Qe2
32.fxg3 { } {#r} 1-0

[Event "Czech League 2005/06 (2nd) (c)"]
[Site "masterchessopen.com – Czech Republic"]
[Date "2005.12.04"]
[Round "4"]
[White "Hudziak Pawel (POL)"]
[Black "Chalupa Ivan (CZE)"]
[Result "1-0"]
[WhiteElo "2192"]
[BlackElo "2191"]

1.d4 d5 2.Nf3 Nf6 3.c4 dxc4 4.Qa4+ c6 5.Qxc4 Bf5 6.Nc3 Nbd7 7.g3 e6 8.Bg2 Ne4
9.Nh4 Ndf6 10.Nxf5 exf5 11.O-O Be7 12.f3 Nxc3 13.bxc3 O-O 14.Bh3 Qa5 15.Qd3 g6
16.e4 Rfd8 17.Bd2 Qa3 18.Kh1 b5 19.exf5 c5 20.Bc1 Qa4 21.Bb2 Nd5 22.Rfe1 Bf6
23.fxg6 hxg6 24.Re4 cxd4 25.cxd4 Nb4 26.Qd2 Rd5 27.Rc1 Nxa2 28.Rc6 Kg7 29.Be6
Rh5 30.d5 Qb3 31.Bxf6+ Kxf6 32.Rf4+ {#r} 1-0

[Event "Ch Greece (juniors) (under 12) (g)"]
[Site "masterchessopen.com – Ermioni (Greece)"]
[Round "6"]
[White "Tsarouha Marianthi (GRE)"]
[Black "Sotiriadou Ioanna (GRE)"]
[Result "1-0"]
[WhiteElo "1811"]
[BlackElo "1623"]

1.d4 Nf6 2.Nf3 d5 3.c4 dxc4 4.Qa4+ Bd7 5.Qxc4 g6 6.Bf4 c6 7.Nc3 Bg7 8.e4 Be6
9.Qd3 O-O 10.Be2 Nfd7 11.Ng5 h6 12.Nxe6 fxe6 13.Be3 Nb6 14.O-O Na6 15.Qd2 Nc7
16.Bxh6 Kh7 17.Bxg7 Kxg7 18.Rfd1 Rf7 19.Qg5 Kh7 20.Rd3 Kg8 21.Qxg6+ Rg7 22.Qh6
Rh7 23.Rg3+ Kh8 24.Qf4 Ne8 25.Qf8# 1-0

[Event "Memorial P.Keres (cat.10)"]
[Site "masterchessopen.com – Tallinn (Estonia)"]
[Date "2006.01.11"]
[Round "6"]
[White "Kanep Meelis (EST)"]
[Black "Rytshagov Mikhail (EST)"]
[Result "0-1"]
[WhiteElo "2510"]
[BlackElo "2495"]

1.d4 d5 2.c4 dxc4 3.Nf3 Nf6 4.Qa4+ Nc6 5.Nc3 Nd5 6.Nxd5 Qxd5 7.e3 b5 8.Qd1 e5
9.a4 exd4 10.exd4 Bb4+ 11.Bd2 O-O 12.axb5 Qxb5 13.Be2 Bxd2+ 14.Qxd2 Bg4 15.O-O
Rad8 16.Qc3 Bxf3 17.Bxc4 Qh5 18.Qxf3 Qxf3 19.gxf3 Rxd4 20.Rfc1 Ne5 21.Be2 c6
22.Rxa7 Rfd8 23.Re7 f6 24.Ra1 Ng6 25.Re4 Nf4 26.Bc4+ Kf8 27.Ra7 Rxc4 {#R} 0-1

[Event "Ch Russia (juniors) (under 14) (g)"]
[Site "masterchessopen.com – Dagomys (Russia)"]
[Round "9"]
[White "Shimanova Olga (RUS)"]
[Black "Khattapova Aigul (RUS)"]
[Result "0-1"]
[WhiteElo "1839"]
[BlackElo "2014"]

1.d4 d5 2.c4 dxc4 3.Nf3 Nf6 4.Qa4+ c6 5.Qxc4 Bf5 6.Nc3 e6 7.g3 Nbd7 8.Bg2 Be7
9.O-O O-O 10.Bf4 Nb6 11.Qb3 Nfd5 12.Nxd5 exd5 13.Qc3 Re8 14.b4 g5 15.Bc1 f6
16.a4 Bd6 17.e3 Rc8 18.Nd2 Qe7 19.a5 Bxb4 20.Qb3 Na8 21.Ra4 Bd6 22.e4 Bg6
23.exd5 Bf7 24.Nb1 b5 25.Ra1 Nc7 26.Nc3 b4 27.Na2 Nxd5 28.Qd3 Rb8 29.Bb2 Qe2
30.Qxe2 Rxe2 {#R} 0-1

[Event "Ch Mexico"]
[Site "masterchessopen.com – Mexico City (Mexico)"]
[Date "2006.04.15"]
[Round "8"]
[White "Contreras Medina Ruben (MEX)"]
[Black "Villarreal Felix Jose Felix (MEX)"]
[Result "0-1"]
[WhiteElo "2179"]
[BlackElo "2360"]

1.d4 d5 2.Nf3 Nf6 3.c4 dxc4 4.Qa4+ Nbd7 5.Nc3 c6 6.Qxc4 Qa5 7.g3 Nb6 8.Qb3 Be6
9.Qc2 Bf5 10.Qb3 e6 11.Bg2 Qb4 12.Qxb4 Bxb4 13.Nd2 O-O-O 14.e3 Bd3 15.Bf1 Bxf1
16.Kxf1 Rhe8 17.Kg2 Bxc3 18.bxc3 Na4 19.c4 e5 20.Nf3 exd4 21.exd4 Re2 22.Bg5
Nb2 23.Bxf6 gxf6 24.c5 Nd3 25.Rhf1 {#R} 0-1

[Event "It (cat.4)"]
[Site "masterchessopen.com – Marseilles (France)"]
[Date "2006.07.03"]
[Round "5"]
[White "Brunner Nicolas (FRA)"]
[Black "Humeau Cyril (FRA)"]
[Result "1-0"]
[WhiteElo "2421"]
[BlackElo "2142"]

1.d4 Nf6 2.Nf3 d5 3.c4 dxc4 4.Qa4+ c6 5.Qxc4 Bf5 6.Nc3 Nbd7 7.a4 e6 8.Bg5 Qa5
9.Nd2 h6 10.Bh4 Qb4 11.Qxb4 Bxb4 12.f3 Bg6 13.e4 c5 14.dxc5 Bxc5 15.Bb5 a6
16.Bxd7+ Nxd7 17.Ke2 f6 18.Rhd1 Ke7 19.Nc4 Bf7 20.e5 Nb6 21.exf6+ gxf6 22.Ne4
Nd5 23.Nxc5 Rac8 24.Bf2 b6 25.Rxd5 {#r} 1-0

[Event "It (open) (ELO)"]
[Site "masterchessopen.com – Pardubice (Czech Republic)"]
[Date "2006.07.18"]
[Round "5"]
[White "Maslak Alexander (RUS)"]
[Black "Schuetz Peter (SVK)"]
[Result "1-0"]
[WhiteElo "2195"]
[BlackElo "1965"]

1.d4 d5 2.Nf3 Nf6 3.c4 dxc4 4.Qa4+ Nc6 5.Qxc4 Qd5 6.Qxd5 Nxd5 7.a3 Bg4 8.e3
Bxf3 9.gxf3 e5 10.dxe5 Nxe5 11.f4 Ng6 12.Bd2 Be7 13.Nc3 O-O-O 14.Nxd5 Rxd5
15.Bc4 Rc5 16.Rc1 Rf8 17.Ke2 Rh5 18.Bc3 Bf6 19.Bxf6 gxf6 20.b4 Ne7 21.Rcd1 Nf5
22.Rd5 c6 23.Rd2 Kc7 24.Rhd1 Rxh2 25.Rd7+ Kb6 26.Bxf7 h5 27.Be6 Nh6 {#r} 1-0

[Event "It (open)"]
[Site "masterchessopen.com – Rewal (Poland)"]
[Date "2006.08.27"]
[Round "9"]
[White "Malczyk Radoslaw (POL)"]
[Black "Brodowski Piotr (POL)"]
[Result "0-1"]
[WhiteElo "2105"]
[BlackElo "2320"]

1.d4 d5 2.Nf3 Nf6 3.c4 dxc4 4.Qa4+ Nbd7 5.Nc3 e6 6.e4 c5 7.Bxc4 cxd4 8.Nxd4
Bc5 9.Nde2 Ng4 10.O-O Qh4 11.h3 Nxf2 12.Kh2 O-O 13.Nf4 Ng4+ 14.Kh1 Nde5 15.Be2
Nf2+ 16.Kh2 Neg4+ 17.Bxg4 Nxg4+ 18.Kh1 Nf2+ 19.Kh2 e5 20.g3 Qh6 21.h4 exf4
22.Bxf4 Qe6 23.Kg1 Nd3+ {#R} 0-1

[Event "It \"]
[Site "masterchessopen.com – Prague (Czech Republic)"]
[Date "2006.09.14"]
[Round "6"]
[White "Simunek Josef (CZE)"]
[Black "Slechta Karel (CZE)"]
[Result "0-1"]
[WhiteElo "2056"]
[BlackElo "1965"]

1.d4 d5 2.Nf3 Nf6 3.c4 dxc4 4.Qa4+ Nc6 5.e3 Bd7 6.Qxc4 e6 7.Be2 Be7 8.O-O O-O
9.b3 a6 10.Bb2 Nb4 11.Na3 b5 12.Qc1 Bc6 13.Ne5 Bb7 14.Nc2 Nxc2 15.Qxc2 Bd6
16.Bd3 Rc8 17.Rad1 c5 18.Qb1 Qe7 19.h3 h6 20.Rc1 cxd4 21.Bxd4 Nd7 22.Qa1 Nxe5
23.Bxe5 Qg5 {#R} 0-1

[Event "Ch Slovakia (team) 2006/07 (2 liga) (b)"]
[Site "masterchessopen.com – Slovakia"]
[Date "2006.10.15"]
[Round "2"]
[White "Sabik Robert (SVK)"]
[Black "Alaxa Marek (SVK)"]
[Result "1-0"]
[WhiteElo "2042"]
[BlackElo "1988"]

1.d4 d5 2.Nf3 Nf6 3.c4 dxc4 4.Qa4+ c6 5.Qxc4 Be6 6.Qc2 g6 7.Nc3 Bg7 8.e4 O-O
9.Be2 Bg4 10.Be3 Qa5 11.O-O Na6 12.a3 Nd7 13.b4 Qd8 14.h3 Bxf3 15.Bxf3 e5
16.d5 c5 17.b5 Nc7 18.Rfd1 h6 19.Qb3 b6 20.a4 a6 21.bxa6 Rxa6 22.Be2 Ra5
23.Nb5 Ne8 24.Ra2 Qb8 25.Rda1 Nd6 26.f3 Rd8 27.Bd2 Ra8 28.a5 Nxb5 29.Qxb5 bxa5
30.Bxa5 Qxb5 31.Bxb5 {#r} 1-0

[Event "Ch Romania"]
[Site "masterchessopen.com – Predeal (Romania)"]
[Date "2006.11.29"]
[Round "3"]
[White "Itkis Boris (ROM)"]
[Black "Dobre Claudiu (ROM)"]
[Result "1-0"]
[WhiteElo "2447"]
[BlackElo "2237"]

1.d4 d5 2.c4 dxc4 3.Nf3 Nf6 4.Qa4+ Nbd7 5.Nc3 a6 6.e4 e6 7.Bxc4 Rb8 8.Qc2 b5
9.Bd3 Bb7 10.e5 b4 11.exf6 bxc3 12.fxg7 Bxg7 13.bxc3 h6 14.Be4 Bxe4 15.Qxe4
O-O 16.O-O c5 17.Bf4 Rb5 18.a4 Rb2 19.dxc5 Nxc5 20.Qe3 Qa5 21.Bxh6 Bxh6
22.Qxh6 Ne4 23.Rae1 Qf5 24.Qh4 Nd2 25.Nxd2 Rxd2 26.Qg3+ Kh8 27.Re5 Qh7 28.Qf4
Rd5 29.Rxe6 {#r} 1-0

[Event "Ch New Zealand"]
[Site "masterchessopen.com – Wanganui (New Zealand)"]
[Round "7"]
[White "Smith Robert W (NZL)"]
[Black "Burns Christopher John (NZL)"]
[Result "1-0"]
[WhiteElo "2332"]
[BlackElo "2033"]

1.d4 d5 2.Nf3 Nf6 3.c4 dxc4 4.Qa4+ Nc6 5.Qxc4 e6 6.Bg5 Be7 7.Nc3 h6 8.Bxf6
Bxf6 9.e3 O-O 10.Be2 Qe8 11.Rc1 a6 12.O-O Bd8 13.Ne5 Nxe5 14.dxe5 b5 15.Qe4
Rb8 16.Bd3 g6 17.Qf4 Kg7 18.Ne4 g5 19.Qf3 Bb7 20.Rxc7 Bd5 21.Rfc1 Rh8 22.Ra7
Rb6 23.Qh5 Bxe4 24.Bxe4 Qf8 25.Qg6# 1-0

[Event "Ch France (team) (nat.2) 2006/07"]
[Site "masterchessopen.com – France"]
[Round "10"]
[White "Forthoffer Patrick (FRA)"]
[Black "Dittmar Peter (GER)"]
[Result "0-1"]
[WhiteElo "2237"]
[BlackElo "2318"]

1.d4 d5 2.Nf3 Nf6 3.c4 dxc4 4.Qa4+ Nbd7 5.Nc3 a6 6.Qxc4 b5 7.Qb3 e6 8.a4 b4
9.Na2 a5 10.Bg5 Be7 11.e3 O-O 12.Bb5 Bb7 13.O-O c6 14.Be2 c5 15.Rfd1 Ne4
16.Bxe7 Qxe7 17.Nc1 Rac8 18.Bb5 Nb6 19.Ne2 Bd5 20.Qd3 c4 21.Qc2 Nd6 22.Nd2 f5
23.Rdc1 Rf6 24.f3 Qb7 25.Nf4 g5 26.Nh5 Rh6 27.Ng3 Qg7 28.Ne2 g4 29.Kh1 Qg5
30.f4 Qh4 31.Nf1 Qf2 {#R} 0-1

[Event "It (open)"]
[Site "masterchessopen.com – Chojnice (Poland)"]
[Date "2007.07.17"]
[Round "5"]
[White "Szacht Egbert (POL)"]
[Black "Nester Igor (UKR)"]
[Result "0-1"]
[WhiteElo "2117"]
[BlackElo "2385"]

1.d4 d5 2.Nf3 Nf6 3.c4 dxc4 4.Qa4+ c6 5.Qxc4 Bf5 6.Nc3 e6 7.g3 Nbd7 8.Bg2 Be7
9.O-O O-O 10.Nh4 Nb6 11.Qb3 Qxd4 12.Nxf5 exf5 13.a4 Qc4 14.Qc2 g6 15.b3 Qe6
16.Bb2 Nbd5 17.a5 Nb4 18.Qb1 Rad8 19.Re1 Qxb3 20.e4 Nc2 {#R} 0-1

[Event "Tournament (open)"]
[Site "masterchessopen.com – Lomza (Poland)"]
[Date "2007.09.22"]
[Round "7"]
[White "Hasanov Sahib (AZE)"]
[Black "Smirnov Aleksander (BLR)"]
[Result "0-1"]
[WhiteElo "2068"]
[BlackElo "2238"]

1.d4 d5 2.Nf3 Nf6 3.c4 dxc4 4.Qa4+ Nbd7 5.Qxc4 e6 6.Nc3 a6 7.a4 c5 8.e3 b5
9.Qd3 b4 10.Ne4 Bb7 11.Ned2 Rc8 12.Be2 cxd4 13.exd4 Bd6 14.Nc4 Bb8 15.a5 h6
16.Qb3 Nd5 17.Bd2 O-O 18.Bxb4 Nxb4 19.Qxb4 Qc7 20.Ncd2 g5 21.h3 e5 22.d5 Bxd5
23.h4 e4 24.Nxe4 Bxe4 25.Qxe4 Rfe8 26.Qf5 Nf8 27.Kf1 Rxe2 28.Nxg5 Re5 {#R} 0-1

[Event "Ch Europe (active)"]
[Site "masterchessopen.com – Warsaw (Poland)"]
[Date "2007.12.15"]
[Round "2"]
[White "Tyszkiewicz Zbigniew (POL)"]
[Black "Grabarczyk Miroslaw (POL)"]
[Result "0-1"]
[WhiteElo "2093"]
[BlackElo "2464"]

1.Nf3 d5 2.d4 Nf6 3.c4 dxc4 4.Qa4+ Nbd7 5.Qxc4 e6 6.a3 a6 7.Bg5 c5 8.e3 b5
9.Qc2 Bb7 10.dxc5 Bxc5 11.b4 Be7 12.Nbd2 Rc8 13.Qb2 O-O 14.Be2 h6 15.Bh4 Ne4
16.Bxe7 Qxe7 17.Nxe4 Bxe4 18.Rc1 Qf6 19.Qd2 {#R} 0-1

[Event "Ch Hamburg (open)"]
[Site "masterchessopen.com – Hamburg (Germany)"]
[Date "2008.05.15"]
[Round "7"]
[White "Colpe Malte (GER)"]
[Black "Jacoby Gisbert (GER)"]
[Result "1-0"]
[WhiteElo "2109"]
[BlackElo "2186"]

1.d4 d5 2.c4 dxc4 3.Nf3 Nf6 4.Qa4+ Nfd7 5.e4 Nc6 6.Bxc4 Nb6 7.Qb3 Nxc4 8.Qxc4
Bg4 9.Nbd2 Qd6 10.d5 Bxf3 11.dxc6 b5 12.Qf1 Bg4 13.Qxb5 g6 14.O-O Bg7 15.Nc4
Qf6 16.Bg5 Qd4 17.Ne3 Be6 18.Nd5 Bxd5 19.exd5 Qxb2 20.Qxb2 Bxb2 21.Rab1 Bd4
22.Rb7 Kd8 23.Rfb1 Bb6 24.d6 f6 25.dxc7+ Bxc7 26.Rd1+ Kc8 27.Rd7 Be5 28.Bd2
Rd8 29.Ba5 {#r} 1-0

[Event "It (open) (seniors)"]
[Site "masterchessopen.com – Rowy (Poland)"]
[Date "2008.06.30"]
[Round "7"]
[White "Karolak Jan (POL)"]
[Black "Anlauf Wolfgang (GER)"]
[Result "1-0"]
[WhiteElo "1956"]
[BlackElo "1606"]

1.Nf3 d5 2.d4 Nf6 3.c4 dxc4 4.Qa4+ Nc6 5.Nc3 Bf5 6.Qxc4 e6 7.a3 Qd7 8.Bg5 Bd6
9.Nh4 Na5 10.Qa2 Bg6 11.Nxg6 hxg6 12.e4 O-O-O 13.e5 Bxe5 14.dxe5 Rh5 15.Rd1
{#r} 1-0

[Event "It (open)"]
[Site "masterchessopen.com – Klatovy (Czech Republic)"]
[Round "0"]
[White "Kyselka Daniel (CZE)"]
[Black "Fiala Jaroslav (CZE)"]
[Result "0-1"]
[WhiteElo "1821"]
[BlackElo "2267"]

1.d4 d5 2.Nf3 Nf6 3.c4 dxc4 4.Qa4+ c6 5.Qxc4 e6 6.Bg5 Be7 7.e3 O-O 8.Qc2 b6
9.Be2 Bb7 10.Nc3 Nbd7 11.O-O Nd5 12.Bxe7 Qxe7 13.a3 c5 14.Bd3 h6 15.Qd2 cxd4
16.Nxd5 Bxd5 17.Nxd4 Nc5 18.Bc2 Rfd8 19.f3 e5 20.Nf5 Qe6 21.Qf2 Bc4 22.Qg3 Qf6
23.Rf2 Nd3 24.Bxd3 Rxd3 25.e4 Be6 26.Re2 Bxf5 27.exf5 e4 28.Rxe4 Qxb2 29.Rae1
Rxa3 30.Qd6 Ra2 31.Qg3 Ra1 32.f4 Rc8 {#R} 0-1

[Event "Ch European Union"]
[Site "masterchessopen.com – Liverpool (England)"]
[Date "2008.09.15"]
[Round "7"]
[White "Daly Colm (FID)"]
[Black "Turner John M (ENG)"]
[Result "1-0"]
[WhiteElo "2325"]
[BlackElo "2042"]

1.Nf3 Nf6 2.d4 d5 3.c4 dxc4 4.Qa4+ Nc6 5.Qxc4 Bg4 6.Nbd2 Qd5 7.e3 e6 8.a3 Bd6
9.h3 Bh5 10.Be2 Qxc4 11.Nxc4 O-O 12.Bd2 Ne4 13.Rc1 Nxd2 14.Nfxd2 Bxe2 15.Kxe2
Rfe8 16.Rhd1 Be7 17.Nb3 Rac8 18.Nca5 Nxa5 19.Nxa5 Bd6 20.Nxb7 Rb8 21.Nxd6
Rxb2+ 22.Rd2 Rxd2+ 23.Kxd2 cxd6 24.Rc7 Ra8 25.Kc3 Kf8 26.g4 a6 27.f4 d5 28.f5
exf5 29.gxf5 g6 30.f6 g5 31.Rd7 h5 32.Rxd5 {#r} 1-0

[Event "It (open)"]
[Site "masterchessopen.com – Arco (Italy)"]
[Date "2008.10.21"]
[Round "4"]
[White "Perich Stefano (ITA)"]
[Black "Bortolotti Silvano (ITA)"]
[Result "1-0"]
[WhiteElo "1960"]
[BlackElo "1826"]

1.d4 d5 2.Nf3 Nf6 3.c4 dxc4 4.Qa4+ c6 5.Qxc4 Bf5 6.Qb3 Qb6 7.Qd1 e6 8.Nc3 Bb4
9.a3 Bxc3+ 10.bxc3 O-O 11.Nh4 Be4 12.f3 Bd5 13.e4 Bxe4 14.fxe4 Nxe4 15.Qc2 Nf6
16.Bd3 c5 17.Rb1 Qc7 18.O-O Nbd7 19.Bf4 Qc8 20.Nf3 cxd4 21.cxd4 Qxc2 22.Bxc2
b6 23.Ba4 Rfc8 24.Rfc1 a6 25.Bc6 {#r} 1-0

[Event "Tournament (Elo)"]
[Site "masterchessopen.com – Konakovo (Russia)"]
[Date "2009.02.15"]
[Round "13"]
[White "Poluhovich Igor (RUS)"]
[Black "Konovalov Roman (RUS)"]
[Result "1-0"]
[WhiteElo "1849"]
[BlackElo "2009"]

1.d4 d5 2.c4 dxc4 3.Nf3 Nf6 4.Qa4+ c6 5.Qxc4 Bf5 6.g3 e6 7.Bg2 Nbd7 8.O-O Be7
9.Nbd2 O-O 10.Nh4 Bg6 11.Nxg6 hxg6 12.e4 Nb6 13.Qc3 Qc7 14.Nb3 Rfc8 15.Bf4 Qd7
16.Nc5 Bxc5 17.dxc5 Na4 18.Qb4 b5 19.Rfd1 Qe7 20.Rac1 a5 21.Qa3 Rd8 22.Rxd8+
Rxd8 23.Bd6 Qd7 24.b3 {#r} 1-0

[Event "It (open)"]
[Site "masterchessopen.com – Bad Woerishofen (Germany)"]
[Date "2009.03.13"]
[Round "9"]
[White "Guggenberger Guido (GER)"]
[Black "Hornung Hans Dr (GER)"]
[Result "1-0"]
[WhiteElo "2041"]
[BlackElo "2152"]

1.d4 d5 2.Nf3 Nf6 3.c4 dxc4 4.Qa4+ Nc6 5.Qxc4 e5 6.dxe5 Be6 7.Qh4 Nb4 8.Na3
Qd7 9.exf6 O-O-O 10.Bd2 g5 11.Qxg5 Qa4 12.e3 Rd5 13.Qh4 Rxd2 14.Kxd2 Bc5
15.Bb5 Qa5 16.Ke2 Nd5 17.Qa4 Qb6 18.Nc4 Nf4+ 19.exf4 Bxc4+ 20.Qxc4 Bxf2
21.Rac1 Qe3+ 22.Kf1 c6 23.Bxc6 {#r} 1-0

[Event "It (open)"]
[Site "masterchessopen.com – Bhubaneswar (India)"]
[Date "2009.06.13"]
[Round "9"]
[White "Islam Kh Aminul (BAN)"]
[Black "Bakre Tejas (IND)"]
[Result "0-1"]
[WhiteElo "2316"]
[BlackElo "2453"]

1.d4 d5 2.Nf3 Nf6 3.c4 dxc4 4.Qa4+ Nc6 5.Qxc4 Bg4 6.e3 Qd5 7.Qxd5 Nxd5 8.a3 a6
9.Nbd2 O-O-O 10.Nb3 Nb6 11.Be2 f6 12.h3 Bh5 13.Bd2 Na4 14.Bc3 Bf7 15.Nbd2 e5
16.dxe5 Nxc3 17.bxc3 Nxe5 18.Nxe5 fxe5 19.Nf3 e4 20.Nd4 g6 21.Bd1 Bg7 22.Bc2
c5 23.Ne2 Rd3 24.Bxd3 exd3 25.Rc1 dxe2 26.Kxe2 Bc4+ 27.Kf3 Bd3 {#R} 0-1

[Event "It (open)"]
[Site "masterchessopen.com – Nikaia (Greece)"]
[Date "2009.08.22"]
[Round "1"]
[White "Grigoriadis Alexandros (GRE)"]
[Black "Bellos Evangelos (GRE)"]
[Result "1-0"]
[WhiteElo "2338"]
[BlackElo "1527"]

1.Nf3 d5 2.d4 Nf6 3.c4 dxc4 4.Qa4+ Nc6 5.e3 Bd7 6.Qxc4 e6 7.Nc3 Be7 8.e4 Na5
9.Qe2 O-O 10.Be3 Ng4 11.Bd2 c5 12.e5 f6 13.h3 cxd4 14.hxg4 dxc3 15.Bxc3 fxe5
16.Qxe5 Bf6 17.Qxa5 Qxa5 18.Bxa5 Bxb2 19.Rb1 Bf6 20.g5 Be7 21.Bd3 b6 22.Bxh7+
Kf7 23.Ne5+ Ke8 24.Bg6+ Kd8 25.Rd1 {#r} 1-0

[Event "Memorial Teller Ede (w)"]
[Site "masterchessopen.com – Paks (Hungary)"]
[Date "2009.09.27"]
[Round "3"]
[White "Toth Lili (HUN)"]
[Black "Vajda Szidonia (HUN)"]
[Result "0-1"]
[WhiteElo "2172"]
[BlackElo "2375"]

1.d4 d5 2.c4 dxc4 3.Nf3 Nf6 4.Qa4+ c6 5.Qxc4 Bf5 6.Nc3 e6 7.g3 Nbd7 8.Bg2 Be7
9.O-O O-O 10.e3 Ne4 11.Nxe4 Bxe4 12.b3 a5 13.Bb2 a4 14.Qe2 Nf6 15.Rfd1 axb3
16.axb3 Qd5 17.Ne1 Bxg2 18.Nxg2 Qxb3 19.Nf4 Nd5 20.Nd3 Qb5 21.Qg4 Rxa1 22.Bxa1
Ra8 23.Nf4 Nf6 24.Qf3 Ra2 25.Bc3 Qf5 26.Re1 Ne4 27.g4 Ng5 28.Qg3 Qe4 29.Ne2
Nf3+ 30.Kf1 Nxe1 31.Qb8+ Bf8 {#R} 0-1